| 000 | 01325cpcaa2200301 a 4500 | ||
|---|---|---|---|
| 001 | mm 79005848 | ||
| 003 | DLC | ||
| 005 | 20260227111652.0 | ||
| 008 | 790906|||||||||||| fre | ||
| 010 | _amm 79005848 | ||
| 040 |
_aDLC _cDLC _edacs _dDLC |
||
| 072 | 7 |
_aC _2lcmd |
|
| 110 | 1 |
_aLouisiana. _bMilitia. _bUniformed Battalion of Orleans Volunteers. |
|
| 245 | 0 | 0 |
_aVolontaires d'Orléans muster roll, _f1814-1815. |
| 300 |
_a1 _fitem. |
||
| 506 | 0 | _aOpen to research. | |
| 520 | 8 | _aTranscript of a muster roll of a militia battalion that served in the Battle of New Orleans during the War of 1812. | |
| 533 |
_aTypewritten transcript made for the Louisiana Historical Society from a document lent by J. B. Pelletier. _b[S.l.]. |
||
| 545 | 1 | _aMilitary unit also known as Volontaires d'Orléans. | |
| 546 | _aCollection material in French. | ||
| 580 | _aForms part of: Miscellaneous Manuscripts collection. | ||
| 650 | 0 | _aNew Orleans, Battle of, New Orleans, La., 1815. | |
| 651 | 0 |
_aLouisiana _xHistory _yWar of 1812. |
|
| 651 | 0 |
_aLouisiana _xMilitia. |
|
| 651 | 0 |
_aUnited States _xHistory _yWar of 1812 _vRegisters. |
|
| 999 |
_c42031 _d42031 |
||